|
|
|
|
| LEADER |
01064nam a2200277 a 4500 |
| 001 |
17179606 |
| 008 |
130316s2012 txua b 001 0 eng d |
| 010 |
|
|
|a 2012934051
|
| 020 |
|
|
|a 9781597181105
|
| 020 |
|
|
|a 1597181102
|
| 040 |
|
|
|a DLC
|c DLC
|d DLC
|d BD-DhAAL
|
| 082 |
0 |
0 |
|a 519.50285
|2 23
|
| 100 |
1 |
|
|a Kohler, Ulrich,
|c Dr. phil.
|
| 245 |
1 |
0 |
|a Data analysis using stata /
|c Ulrich Kohler, Frauke Kreuter.
|
| 250 |
|
|
|a 3rd ed.
|
| 260 |
|
|
|a College Station, Tex. :
|b Stata Press,
|c c2012.
|
| 300 |
|
|
|a xxvi, 497 p. :
|b ill. ;
|c 24 cm.
|
| 504 |
|
|
|a Includes bibliographical references (p. [477]-482) and indexes.
|
| 541 |
|
|
|a 00026694
|
| 630 |
0 |
0 |
|a Stata.
|
| 650 |
|
0 |
|a Statistics
|x Data processing.
|
| 650 |
|
0 |
|a Mathematical statistics
|x Data processing.
|
| 700 |
1 |
|
|a Kreuter, Frauke.
|
| 852 |
1 |
|
|a Ayesha Abed Library
|j General Shelf.
|
| 999 |
|
|
|c 13245
|d 13245
|
| 952 |
|
|
|0 0
|1 0
|2 ddc
|4 0
|6 519_502850000000000_KOH
|7 0
|9 22046
|a BRACUL
|b BRACUL
|c GEN
|d 2013-03-16
|e Trim Education
|g 5939.00
|l 3
|m 30
|o 519.50285 KOH
|p 3010026694
|q 2026-06-02
|r 2026-05-16
|s 2026-05-16
|t 1
|w 2013-03-16
|y BK
|